000 00603nam a2200241 a 4500
003 AR-BaBNM
005 20251128202859.0
008 082120s2002 ||||||||||||||000 | spa||
040 _cAR-BaBNM
100 1 _aZappietro, Eugenio Juan
245 0 0 _aLa calle del ocaso
260 _aBuenos Aires
_bLosada
_c1975
300 _a234 p.
490 0 _aNovelistas de nuestra época
650 4 _aLITERATURA ARGENTINA
650 4 _aLITERATURA CONTEMPORANEA
653 _aNARRATIVA
653 _aNOVELA POLICIAL
653 _aCRITICA SOCIAL
655 _aLITERATURA
942 _cBK
998 _cMARTIN
999 _c1015
_d1015